<?xml version="1.0" encoding="UTF-8"?>
<record
    xmlns:xsi="http://www.w3.org/2001/XMLSchema-instance"
    xsi:schemaLocation="http://www.loc.gov/MARC21/slim http://www.loc.gov/standards/marcxml/schema/MARC21slim.xsd"
    xmlns="http://www.loc.gov/MARC21/slim">

  <leader>04140nam a2200457 a 4500</leader>
  <controlfield tag="003">CHAP</controlfield>
  <controlfield tag="005">20250910135431.0</controlfield>
  <controlfield tag="007">ta</controlfield>
  <controlfield tag="008">220117s1996xx  mx a   frm000 0 1n0 spa d</controlfield>
  <datafield tag="010" ind1=" " ind2=" ">
    <subfield code="a">185222</subfield>
  </datafield>
  <datafield tag="040" ind1=" " ind2=" ">
    <subfield code="c">mxchpua</subfield>
    <subfield code="a">CHAP</subfield>
    <subfield code="e">rda</subfield>
  </datafield>
  <datafield tag="041" ind1="0" ind2=" ">
    <subfield code="a">spa</subfield>
    <subfield code="b">eng</subfield>
  </datafield>
  <datafield tag="090" ind1=" " ind2=" ">
    <subfield code="a">Tesis</subfield>
    <subfield code="b">L362</subfield>
    <subfield code="c">1996</subfield>
  </datafield>
  <datafield tag="100" ind1="1" ind2=" ">
    <subfield code="a">Landa Luna, Leonardo</subfield>
  </datafield>
  <datafield tag="245" ind1="1" ind2="0">
    <subfield code="a">Evaluaci&#xF3;n de cuatro subproductos agr&#xED;colas cultivados con hongos del g&#xE9;nero Pleurotus para su posible uso en alimentaci&#xF3;n de rumiantes /</subfield>
    <subfield code="c">Leonardo Landa Luna</subfield>
  </datafield>
  <datafield tag="264" ind1=" " ind2=" ">
    <subfield code="a">Chapingo, M&#xE9;xico :</subfield>
    <subfield code="b">El autor,</subfield>
    <subfield code="c">1996</subfield>
  </datafield>
  <datafield tag="300" ind1=" " ind2=" ">
    <subfield code="a">iii, 80 hojas :</subfield>
    <subfield code="b">ilustraciones, tablas</subfield>
  </datafield>
  <datafield tag="336" ind1=" " ind2=" ">
    <subfield code="2">rdacontent</subfield>
    <subfield code="a">texto</subfield>
    <subfield code="b">txt</subfield>
  </datafield>
  <datafield tag="337" ind1=" " ind2=" ">
    <subfield code="2">rdamedia</subfield>
    <subfield code="a">no mediado</subfield>
    <subfield code="b">n</subfield>
  </datafield>
  <datafield tag="338" ind1=" " ind2=" ">
    <subfield code="2">rdacarrier</subfield>
    <subfield code="a">volumen</subfield>
    <subfield code="b">nc</subfield>
  </datafield>
  <datafield tag="502" ind1=" " ind2=" ">
    <subfield code="a">Tesis</subfield>
    <subfield code="b">(Ingeniero Agroindustrial) --</subfield>
    <subfield code="c">UACh. Departamento de Ingenier&#xED;a Agroindustrial,</subfield>
    <subfield code="d">1996</subfield>
  </datafield>
  <datafield tag="504" ind1=" " ind2=" ">
    <subfield code="a">Bibliograf&#xED;a: hojas 68-80</subfield>
  </datafield>
  <datafield tag="520" ind1="3" ind2=" ">
    <subfield code="a">Dada la poca utilizaci&#xF3;n de los esquilmos agr&#xED;colas, &#xE9;stos pueden emplearse en la alimentaci&#xF3;n de rumiantes us&#xE1;ndolos como sustrato en el cultivo de hongos Pleurotus para mejorar el valor nutricional de los esquilmos. El objetivo de este trabajo fue determinar el valor nutricional de diferentes esquilmos agr&#xED;colas tratados con Pleurotus, como alimento para rumiantes. Se utiliz&#xF3; paja de trigo, paja de cebada y rastrojo de ma&#xED;z que fueron usados en el cultivo de Pleurotus; a estos esquilmos se les determin&#xF3;: humedad, cenizas, prote&#xED;na cruda, fibra detergente neutro (FDN), fibra detergente &#xE1;cido (FDA), lignina, s&#xED;lice, digestibilidad in vitro de la materia seca (DIVS) y energ&#xED;a bruta. El contenido de humedad se increment&#xF3; significativamente en la paja de trigo las cenizas aumentaron significativamente en los tratada. subproductos tratados. El contenido de prote&#xED;na cruda se increment&#xF3; en las pajas tratadas con Pleurotus ostreatus. La FDN disminuy&#xF3; significativamente en la paja de trigo tratada con Pleurotus sajor caju. La energ&#xED;a disminuy&#xF3; en todos los subproductos tratados, tanto que la lignina disminuy&#xF3; significativamente en paja de cebada tratada con Pleurotus ostreatus. Pleurotus sajor caju increment&#xF3; la en DIVMS en paja de trigo. Se concluye que el cultivo de Pleurotus increment&#xF3; el contenido de prote&#xED;na cruda en todas las pajas; sin embargo, el contenido de lignina solamente disminuy&#xF3; en la paja de cebada tratada con Pleurotus ostreatus. --</subfield>
  </datafield>
  <datafield tag="520" ind1="3" ind2=" ">
    <subfield code="a">The objective of the present study was to evaluate the nutritive value of various straWS after harvesting of edible mushroom. Wheat straw, barley straw and maize straw were analysed for: moisture, ash, protein crude, neutro detergent fiber (NDF), acid detergent fiber (ADF), lignin, silica, in vitro dry matter digestibilty ( IVDMD) and gross energy. Moisture content increased significantly in treated straw. Ash content increased significantly straws in all treated straws. Crude protein percentage was higher in treated with Pleurotus ostratus. NDF diminished significantly in wheat straw treated with Pleurotus sajor caju. Gross energy Was lower in all treated straws. Lignin content diminished significantly in barley straw cultivated with Pleurotus ostreatus, while Pleurotus sajor caju increased the IVDMD in wheat straW. It is Concluded that growth of Pleurotus increased Crude protein content in all the straws analysed, however lignin content was lower only when Pleurotus ostreatus was grown on barley straw.&#xA0;</subfield>
  </datafield>
  <datafield tag="650" ind1="1" ind2="3">
    <subfield code="a">Composici&#xF3;n de piensos</subfield>
    <subfield code="2">atg</subfield>
    <subfield code="x">Aprovechamiento de desechos</subfield>
  </datafield>
  <datafield tag="650" ind1="1" ind2="3">
    <subfield code="a">Cultivo de hongos</subfield>
    <subfield code="2">atg</subfield>
  </datafield>
  <datafield tag="650" ind1="1" ind2="3">
    <subfield code="a">Paja de cebada</subfield>
    <subfield code="2">atg</subfield>
  </datafield>
  <datafield tag="650" ind1="1" ind2="3">
    <subfield code="a">Paja de Trigo</subfield>
  </datafield>
  <datafield tag="650" ind1="1" ind2="3">
    <subfield code="a">Cubrimiento del suelo con rastrojo</subfield>
    <subfield code="2">atg</subfield>
  </datafield>
  <datafield tag="650" ind1="1" ind2="3">
    <subfield code="a">Fungal culture</subfield>
    <subfield code="2">atg</subfield>
  </datafield>
  <datafield tag="650" ind1="1" ind2="3">
    <subfield code="a">Feed composition</subfield>
    <subfield code="2">atg</subfield>
    <subfield code="x">Waste utilization</subfield>
  </datafield>
  <datafield tag="650" ind1="1" ind2="3">
    <subfield code="a">Stubble mulching</subfield>
    <subfield code="2">atg</subfield>
  </datafield>
  <datafield tag="650" ind1="1" ind2="3">
    <subfield code="a">Barley straw</subfield>
    <subfield code="2">atg</subfield>
  </datafield>
  <datafield tag="650" ind1="1" ind2="3">
    <subfield code="a">Wheat straw</subfield>
    <subfield code="2">atg</subfield>
  </datafield>
  <datafield tag="700" ind1="1" ind2=" ">
    <subfield code="a">Ortega Cerrilla, Mar&#xED;a Esther</subfield>
    <subfield code="e">directora</subfield>
  </datafield>
  <datafield tag="700" ind1="1" ind2=" ">
    <subfield code="a">Esparza Torres, F&#xE9;lix</subfield>
    <subfield code="e">asesor</subfield>
  </datafield>
  <datafield tag="700" ind1="1" ind2=" ">
    <subfield code="a">Mart&#xED;nez Romero, Salvador</subfield>
    <subfield code="e">asesor</subfield>
  </datafield>
  <datafield tag="901" ind1=" " ind2=" ">
    <subfield code="a">TESIS L362 1996</subfield>
  </datafield>
  <datafield tag="942" ind1=" " ind2=" ">
    <subfield code="2">local</subfield>
    <subfield code="c">Clasificaci&#xF3;n Universidad Aut&#xF3;noma Chapingo</subfield>
  </datafield>
  <datafield tag="999" ind1=" " ind2=" ">
    <subfield code="c">185222</subfield>
    <subfield code="d">185222</subfield>
  </datafield>
  <datafield tag="952" ind1=" " ind2=" ">
    <subfield code="0">0</subfield>
    <subfield code="1">0</subfield>
    <subfield code="2">local</subfield>
    <subfield code="4">0</subfield>
    <subfield code="5">1</subfield>
    <subfield code="7">0</subfield>
    <subfield code="8">TESIS</subfield>
    <subfield code="a">IA_</subfield>
    <subfield code="b">IA_</subfield>
    <subfield code="d">2025-09-10</subfield>
    <subfield code="e">El autor</subfield>
    <subfield code="l">0</subfield>
    <subfield code="o">Tesis L362 1996</subfield>
    <subfield code="p">1101015955</subfield>
    <subfield code="r">2026-02-02 00:00:00</subfield>
    <subfield code="t">Ej. 1</subfield>
    <subfield code="w">2025-09-10</subfield>
    <subfield code="y">TESIS</subfield>
  </datafield>
  <datafield tag="952" ind1=" " ind2=" ">
    <subfield code="0">0</subfield>
    <subfield code="1">0</subfield>
    <subfield code="2">local</subfield>
    <subfield code="4">0</subfield>
    <subfield code="5">5</subfield>
    <subfield code="7">0</subfield>
    <subfield code="8">TESIS</subfield>
    <subfield code="a">IA_</subfield>
    <subfield code="b">IA_</subfield>
    <subfield code="d">2025-09-10</subfield>
    <subfield code="e">El autor</subfield>
    <subfield code="l">0</subfield>
    <subfield code="o">Tesis L362 1996</subfield>
    <subfield code="p">1101015956</subfield>
    <subfield code="r">2026-02-02 00:00:00</subfield>
    <subfield code="t">Ej. 2</subfield>
    <subfield code="w">2025-09-10</subfield>
    <subfield code="y">TESIS</subfield>
  </datafield>
</record>
